Topological Map of Poland Quiz - Statistics

General Stats
  • This quiz has been taken 104 times
  • The average score is 11 of 16
Answers on the Map
Answers color-coded by a green-red scale on the quiz's map according to % correct below.
 
Answer Stats
Answer % Correct
Łódź
79%
Greater Poland
75%
Lublin
75%
Masovia
75%
Świętokrzyskie
73%
Lubusz
73%
Silesia
70%
Lesser Poland
69%
Lower Silesia
69%
Podlaskie
69%
Pomerania
69%
Warmia-Masuria
69%
West Pomerania
69%
Kuyavia-Pomerania
68%
Podkarpackie
68%
Opole
49%
No matching quizzes found
Score Distribution
Percent of People with Each Score
Percentile by Number Answered
Your Score History
You have not taken this quiz